Prava i slobode LGBT osoba : seksualna orijentacija i rodni identitet u pozitivnom pravu u Bosni i hercegovini /

Enregistré dans:
Détails bibliographiques
Auteur principal: Banovic, Damir
Collectivité auteur: Sarajevski otvoreni centar
Format: Livre
Langue:bosniaque
Publié: Sarajevo : Sarajevski otvoreni centar, 2011
Tags: Ajouter un tag
Pas de tags, Soyez le premier à ajouter un tag!

MARC

LEADER 00000nam a22000007i 4500
001 IT\ICCU\UBO\3939605
003 ItRI
005 20260115232211.0
008 120523s2011 bn |||||| ||||| |||||c
020 |a 9789958995941 
040 |b ita  |c importazione bologna sebina 
041 7 |a bos  |2 ISO-639-2 
100 1 |a Banovic, Damir  |0 IT\ICCU\UBOV\338228 
245 1 0 |a Prava i slobode LGBT osoba :  |b seksualna orijentacija i rodni identitet u pozitivnom pravu u Bosni i hercegovini /  |c Damir Banovic. 
260 |a Sarajevo :  |b Sarajevski otvoreni centar,  |c 2011 
300 |a 139 p., 24 cm. 
710 2 |a Sarajevski otvoreni centar  |0 IT\ICCU\UBOV\338230 
942 |2 ddc  |c BK  |n 0 
952 |0 0  |1 0  |4 0  |6 DOC_306_766000000000000_BAN  |7 0  |9 21842  |a BO  |b BO  |d 2026-01-15  |i 16406  |l 0  |o DOC 306.766 BAN  |p BO16406  |r 2026-01-15 23:22:11  |w 2026-01-15  |x [Sebina 5] [1 v.]  |y BK  |z 1 v. 
999 |c 18668  |d 18668